000 00338nam a2200145Ia 4500
008 150201s2001 xx 000 0 und d
082 _a616.07
_bO2001A
100 _aAMBROSIA,ROBERT
245 _aORTHOPEDIC INFECTIONS
250 _a1ST
260 _bAITBS
_aDELHI
_c2001
300 _a1-542
650 _aORAL MEDICINE
942 _2ddc
_cBK
999 _c2955
_d2955